000 02888cam a22003498i 4500
001 21438112
003 OSt
005 20231206135830.0
008 200219s2020 nyu b 001 0 eng
010 _a 2020006708
020 _z9780190056780
040 _aDLC
_beng
_erda
_cDLC
042 _apcc
050 0 0 _aRC114.5
_b.O37 2020
082 0 0 _a616.91009
_bOLD/V
100 1 _aOldstone, Michael B. A.
_eauthor.
_910068
245 1 0 _aViruses, plagues, and history :
_bpast, present, and future /
_cby Michael B.A. Oldstone.
250 _aSecond edition.
263 _a1111
264 1 _aNew York :
_bOxford University Press,
_c2020.
300 _a485pages
336 _atext
_btxt
_2rdacontent
337 _aunmediated
_bn
_2rdamedia
338 _avolume
_bnc
_2rdacarrier
504 _aIncludes bibliographical references and index.
520 _a"Here, my previous edition of Viruses, Plagues, & History is updated to reflect both progress and disappointment since that publication. This edition describes newcomers to the range of human infections, specifically, plagues that play important roles in this 21st century. The first is Middle East Respiratory Syndrome (MERS), an infection related to Sudden Acute Respiratory Syndrome (SARS). SARS was the first new-found plague of this century. Zika virus, which is similar to yellow fever virus in being transmitted by mosquitos, is another of the recent scourges. Zika appearing for the first time in the Americas is associated with birth defects and a paralytic condition in adults. Lastly, illness due to hepatitis viruses were observed prominently during the second World War initially associated with blood transfusions and vaccine inoculations. Since then, hepatitis virus infections have afflicted millions of individuals, in some leading to an acute fulminating liver disease or more often to a life-long persistent infection. A subset of those infected has developed liver cancer. However, in a triumph of medical treatments for infectious diseases, pharmaceuticals have been developed whose use virtually eliminates such maladies. For example, Hepatitis C virus infection has been eliminated from almost all (>97%) of its victims. This incredible result was the by-product of basic research in virology as well as cell and molecular biology during which intelligent drugs were designed to block events in the hepatitis virus life-cycle"--
_cProvided by publisher.
650 0 _aVirus diseases
_xHistory.
776 0 8 _iOnline version:
_aOldstone, Michael B.A.,
_tViruses, plagues, and history
_bThird.
_dNew York : Oxford University Press, 2020.
_z9780190056803
_w(DLC) 2020006709
906 _a0
_bvip
_corignew
_d1
_eecip
_f20
_gy-gencatlg
942 _2ddc
_cBK
_h616.91009
_iOLD/V
_k616.91009
_mOLD/V
999 _c43774
_d43774